000 00395nam a2200157Ia 4500
008 221030s9999 xx 000 0 und d
020 _a8171810136
041 _aEnglish
082 _a105.23
_bRiss
100 _aR. S. Rissman
245 0 _aCost Control Using Lotus 1-2-3
_cby R. S. Rissman
260 _bLearners Press
_aNew Delhi
_c1992
300 _a97
650 _aBE Computer
942 _cBK
999 _c2256
_d2256